[Event "World ol U16 06th"]
[Site "Singapore"]
[Date "2007.08.12"]
[Round "10"]
[White "Lee, Kiyul"]
[Black "Dole, Anant"]
[Result "1/2-1/2"]
[WhiteElo "1927"]
[BlackElo "1760"]
[PlyCount "131"]
[EventDate "2007.08.05"]
[EventType "team-swiss"]
[EventRounds "10"]
[EventCountry "SIN"]
[SourceTitle "EXT 2008"]
[Source "ChessBase"]
[SourceDate "2007.11.25"]
[SourceVersion "1"]
[SourceVersionDate "2007.11.25"]
[SourceQuality "1"]

1. e4 c5 2. Nf3 d6 3. d4 cxd4 4. Nxd4 Nf6 5. Nc3 a6 6. Be3 e5 7. Nb3 Be6 8. f4 Nbd7 9. Be2 b5 10. Bf3 Be7 11. 0-0 0-0 12. Kh1 Qc7 13. f5 Bc4 14. Re1 b4 15. Ne2 d5 16. Nd2 d4 17. Nxc4 Qxc4 18. Bd2 Rac8 19. c3 dxc3 20. bxc3 Nxe4 21. Bxe4 Qxe4 22. Ng3 Qd5 23. cxb4 Bh4 24. Re3 Nb6 25. Be1 Rfd8 26. Qxd5 Nxd5 27. Rd3 Bxg3 28. Bxg3 Nxb4 29. Rxd8+ Rxd8 30. Bxe5 Nxa2 31. Kg1 Nb4 32. Ra4 Nd3 33. Bd4 h5 34. Kf1 Rd5 35. Ke2 Ne5 36. Ke3 Nc6 37. Bc3 a5 38. Rc4 Ne7 39. Ra4 Rxf5 40. Rxa5 Rxa5 41. Bxa5 Kh7 42. Kf3 Kg6 43. h3 Nc6 44. Bc3 f6 45. Kf4 Ne7 46. Bb2 Kh6 47. Kf3 Kg6 48. Bc3 Kf7 49. h4 f5 50. Bd4 Nd5 51. Bb2 g6 52. Bd4 Ke6 53. Bb2 Kd6 54. Bg7 Kc5 55. Be5 Kc4 56. Ke2 Nb4 57. Ke3 Nd3 58. Bg7 Nc5 59. Kf4 Ne6+ 60. Ke5 Nxg7 61. Kf6 Ne8+ 62. Kxg6 Nd6 63. Kxh5 Kd5 64. Kg6 Ke6 65. h5 Nf7 66. h6 1/2-1/2